000 00562nam a22002057a 4500
999 _c7428
_d7428
003 OSt
005 20211110173238.0
008 211110b ||||| |||| 00| 0 eng d
020 _a0721630871
040 _cDDC
082 _a104 GUT 1991
100 _aGUYTON,ARTHUR C.
_91016
245 _aTEXTBOOK OF MEDICAL PHYSIOLOGY
250 _a8TH
260 _aLONDON
_bW.B.SAUNDERS COMPANY
_c1991
300 _c24CM
_axli,p1014
_bill,(some col)
504 _aIncludes bibliographical references and index
650 _ahuman physiology
_9133
942 _2z
_cO_SHELF